V. K. Wellington Koo's foreign policy (Record no. 140704)

MARC details
000 -LEADER
campo de control de longitud fija 00640nam a2200193 i 4500
001 - NÚMERO DE CONTROL
campo de control 140704
003 - IDENTIFICADOR DE NÚMERO DE CONTROL
campo de control ES-MaACL
005 - FECHA Y HORA DE LA ÚLTIMA TRANSACCIÓN
campo de control 20230906200133.0
007 - CAMPO FIJO DE DESCRIPCIÓN FÍSICA--INFORMACIÓN GENERAL
campo de control de longitud fija t|
008 - DATOS DE LONGITUD FIJA--INFORMACIÓN GENERAL
campo de control de longitud fija 070914s1931 cc ||||1| eng d
100 1# - ENTRADA PRINCIPAL--NOMBRE DE PERSONA
Nombre de persona Jin, Wensi.
9 (RLIN) 66664
245 10 - MENCIÓN DEL TÍTULO
Título V. K. Wellington Koo's foreign policy
Resto del título : some selected documents compiled /
Mención de responsabilidad, etc. compiled by Wunsz King.
260 ## - PUBLICACIÓN, DISTRIBUCIÓN, ETC.
Lugar de publicación, distribución, etc. Shanghai :
Nombre del editor, distribuidor, etc. Kelly and Walsh,
Fecha de publicación, distribución, etc. 1931.
300 ## - DESCRIPCIÓN FÍSICA
Extensión XII, 141, 81 p., 1 lám. ;
Dimensiones 26 cm.
500 ## - NOTA GENERAL
Nota general Texto en inglés y en chino.
651 #4 - PUNTO DE ACCESO ADICIONAL DE MATERIA--NOMBRE GEOGRÁFICO
Nombre geográfico China-
Subdivisión general Política exterior.
9 (RLIN) 153660
700 1# - ENTRADA AGREGADA--NOMBRE PERSONAL
Nombre de persona Koo, V. K. Wellington.
9 (RLIN) 68572
852 ## - LOCALIZACIÓN
Ubicación ES-MaACL
Número de control de estantería C-4458
Sublocalización o colección R.24395
Holdings
Estatus retirado Estado de pérdida Estado de daño No para préstamo Biblioteca de origen Biblioteca actual Ubicación en estantería Fecha de adquisición Fuente de adquisición Total de préstamos Signatura topográfica completa Código de barras Visto por última vez Precio de reemplazo Tipo de ítem Koha
        Biblioteca del Ateneo de Madrid Biblioteca del Ateneo de Madrid Sala Palomar 17/01/2008     C-4458 1146418 23/02/2023 23/02/2023 Libro impreso